000
00296nam a2200121Ia 4500
008
231129s9999||||xx |||||||||||||| ||spa||
040
_b
spa
082
_a
759.93982 B648p
100
_a
Blindheim Martin
245
0
_a
Pinturas goticas en iglesias noruegas
264
_a
Hermes
942
_2
ddc
_c
BKS
999
_c
22783
_d
22783